00263nam a2200109Ia 4500008004100000041001200041082001100053100001700064245006000081260000600141650000600147221030s9999 xx 000 0 und d aEnglish a105.23 aD. Bharihoke 0aFundamentals of Information Technologycby D. Bharihoke c0 aB